Получение высокочистых металлов; Современные техника и технологии; Т. 2
| Parent link: | Современные техника и технологии: сборник трудов XX международной научно-практической конференции студентов, аспирантов и молодых ученых, Томск, 14-18 апреля 2014 г./ Национальный исследовательский Томский политехнический университет (ТПУ).— , 2014 Т. 2.— 2014.— [С.7-8] |
|---|---|
| Autor principal: | |
| Autor Corporativo: | |
| Outros Autores: | |
| Resumo: | Заглавие с титульного экрана |
| Idioma: | russo |
| Publicado em: |
2014
|
| coleção: | Материаловедение |
| Assuntos: | |
| Acesso em linha: | http://earchive.tpu.ru/handle/11683/20739 http://www.lib.tpu.ru/fulltext/c/2014/C01/V2/002.pdf |
| Formato: | Recurso Eletrônico Capítulo de Livro |
| KOHA link: | https://koha.lib.tpu.ru/cgi-bin/koha/opac-detail.pl?biblionumber=606749 |
MARC
| LEADER | 00000naa2a2200000 4500 | ||
|---|---|---|---|
| 001 | 606749 | ||
| 005 | 20260305093232.0 | ||
| 035 | |a (RuTPU)RU\TPU\conf\4128 | ||
| 035 | |a RU\TPU\conf\3801 | ||
| 090 | |a 606749 | ||
| 100 | |a 20140616d2014 k y0rusy50 ca | ||
| 101 | 0 | |a rus | |
| 102 | |a RU | ||
| 135 | |a drcn ---uucaa | ||
| 181 | 0 | |a i | |
| 182 | 0 | |a b | |
| 200 | 1 | |a Получение высокочистых металлов |f А. Н. Бабина |g науч. рук. А. М. Апасов | |
| 203 | |a Текст |c электронный | ||
| 225 | 1 | |a Материаловедение | |
| 300 | |a Заглавие с титульного экрана | ||
| 320 | |a [Библиогр.: с. 8 (8 назв.)] | ||
| 337 | |a Adobe Reader | ||
| 461 | 1 | |0 (RuTPU)RU\TPU\conf\3687 |t Современные техника и технологии |o сборник трудов XX международной научно-практической конференции студентов, аспирантов и молодых ученых, Томск, 14-18 апреля 2014 г. |o в 3 т. |f Национальный исследовательский Томский политехнический университет (ТПУ) |d 2014 | |
| 463 | 1 | |0 (RuTPU)RU\TPU\conf\3689 |t Т. 2 |v [С.7-8] |d 2014 | |
| 610 | 1 | |a труды учёных ТПУ | |
| 610 | 1 | |a электронный ресурс | |
| 610 | 1 | |a высокочистые металлы | |
| 610 | 1 | |a металлургия | |
| 610 | 1 | |a металлы | |
| 610 | 1 | |a сплавы | |
| 610 | 1 | |a легирование | |
| 610 | 1 | |a термообработка | |
| 700 | 1 | |a Бабина |b А. Н. | |
| 702 | 1 | |a Апасов |b А. М. |c специалист в области материаловедения |c доцент Юргинского технологического института Томского политехнического университета, кандидат технических наук |f 1950- |g Александр Михайлович |4 727 |9 9845 | |
| 712 | 0 | 2 | |a Национальный исследовательский Томский политехнический университет (ТПУ) |b Юргинский технологический институт (филиал) (ЮТИ) |b Кафедра металлургии и черных металлов (МЧМ) |3 (RuTPU)RU\TPU\col\18892 |
| 801 | 2 | |a RU |b 63413507 |c 20210310 |g RCR | |
| 856 | 4 | |u http://earchive.tpu.ru/handle/11683/20739 | |
| 856 | 4 | |u http://www.lib.tpu.ru/fulltext/c/2014/C01/V2/002.pdf | |
| 942 | |c CF | ||